Statistics for Malaysia Quick Facts!

Click here to take the quiz!

General Stats

  • This quiz has been taken 423 times
    (316 since last reset)
  • The average score is 29 of 38

Answer Stats

QuestionsAnswers% Correct
CapitalKuala Lumpur
100%
Indonesia
95%
Indonesia
95%
Official LanguageBahasa Malaysia
94%
3 Main Ethnic GroupsMalay
94%
Bordering Countries (Land)Thailand
94%
Thailand
94%
Main ReligionsIslam
93%
Brunei
92%
Brunei
91%
Singapore
91%
Empires that once Colonized MalaysiaBritish
90%
Chinese
89%
National AnimalMalayan Tiger
86%
CurrencyMalaysian Ringgit (RM)
86%
Most Famous Building in MalaysiaPetronas Twin Towers
86%
Indian
83%
Hindu
80%
Largest StateSarawak
80%
Christianity
78%
Independence fromUnited Kingdom
76%
Flight that Went MissingMH370
75%
Capital (Administrative)Putrajaya
75%
Japanese
74%
Bordering Countries (Maritime)The Philippines
74%
English
72%
Buddhism
71%
Portuguese
69%
Vietnam
69%
National FlowerHibiscus
67%
Flight that Got Shot Down by RussiaMH17
64%
Dutch
61%
Location (Map)Southeast Asia
60%
Malacca
59%
2 UNESCO Historic CitiesGeorgetown
58%
Current Prime MinsterMuhyiddin Yassin
45%
Government StructureConstitutional Mornachy
41%
World's Largest Cave ChamberMulu Caves
18%

Score Distribution

Percentile by Number Answered

Percent of People with Each Score

Your Score History

You have not taken this quiz since the last reset